000 00761nam a2200229Ii 4500
003 JO-AjNU
008 230605s9999||||xx |||||||||||||| ||und||
017 _a95/7427
020 _a977-11-0945-6
040 _aJO-AjNU
_bara
_erda
_cJO-AjNU
041 _aara
050 1 4 _aML120.A7F412 1995
100 3 _aتأليف فارمر، هنري جورج ؛ ترجمة نصار حسين مترجم,
_eauthor
_936857
245 0 0 _a مصادر الموسيقى العربية
250 _aط2
264 3 1 _aالقاهرة: مكتبة مصر،1995
300 _a174ص
336 _atext
_btxt
_2rdacontent
337 _aunmediated
_bn
_2rdamedia
338 _avolume
_bnc
_2rdacarrier
650 4 _aالموسيقى العربية - ببليوجرافيات
_936858
999 _aA15350
_c18918
_d18918